Chansons les plus streamées : Indochine - Statistiques

Statistiques générales
  • Ce quiz a été pris 393 fois
    80 depuis la dernière actualisation
  • Le résultat moyen est 7 sur 10
Statistiques - réponses
Nb de streams Chanson % Correct
123 000 000 L'aventurier
94%
87 000 000 J'ai demandé à la lune
89%
31 500 000 3SEX (avec Christine and the Queens)
75%
52 500 000 Trois nuits par semaine
75%
12 500 000 3e sexe
60%
14 000 000 Nos célébrations
60%
12 000 000 Le chant des cygnes
54%
23 500 000 Un été français
54%
12 500 000 Canary Bay
51%
45 000 000 La vie est belle
46%
Aucun quiz correspondant
Distribution des résultats
% des personnes avec chaque résultat
Percentile par nombre de réponses
Votre historique - résultats
Vous n’avez pas pris ce quiz depuis la dernière actualisation